Leonardo : (Registro nro. 62811)
[ vista simple ]
| 000 -LEADER | |
|---|---|
| campo de control de longitud fija | 01885cam a22003614i 4500 |
| 003 - IDENTIFICADOR DE NÚMERO DE CONTROL | |
| campo de control | PE-LiUPU |
| 005 - FECHA Y HORA DE LA ÚLTIMA TRANSACCIÓN | |
| campo de control | 20250731183450.0 |
| 008 - DATOS DE LONGITUD FIJA--INFORMACIÓN GENERAL | |
| campo de control de longitud fija | 241231b |||||||| |||| 00| 0 spa d |
| 020 ## - NÚMERO INTERNACIONAL ESTÁNDAR DEL LIBRO | |
| Número Internacional Estándar del Libro | 9788497943833 |
| 040 ## - FUENTE DE CATALOGACIÓN | |
| Lengua de catalogación | spa |
| Centro/agencia transcriptor | PE-LiUPU |
| Normas de descripción | rda |
| Centro/agencia modificador | PE-LiUPU |
| 082 04 - NÚMERO DE LA CLASIFICACIÓN DECIMAL DEWEY | |
| Número de clasificación | 743 |
| Cutter | P371l |
| Número de edición | 23 |
| 100 1# - ENTRADA PRINCIPAL--NOMBRE DE PERSONA | |
| Nombre de persona | Pedretti, Carlo, |
| Fechas asociadas al nombre | 1928-2018 |
| Término indicativo de función/relación | autor. |
| 9 (RLIN) | 4888 |
| 245 10 - MENCIÓN DEL TÍTULO | |
| Título | Leonardo : |
| Resto del título | el arte del dibujo / |
| Mención de responsabilidad, etc. | Carlo Pedretti, Sara Taglialagamba. |
| 264 #1 - PRODUCCIÓN, PUBLICACIÓN, DISTRIBUCIÓN, FABRICACIÓN Y COPYRIGHT | |
| Producción, publicación, distribución, fabricación y copyright | Arganda del Rey, Madrid : |
| Nombre del de productor, editor, distribuidor, fabricante | Edimat Libros, |
| Fecha de producción, publicación, distribución, fabricación o copyright | [2018]. |
| 300 ## - DESCRIPCIÓN FÍSICA | |
| Extensión | 239 páginas : |
| Otras características físicas | ilustraciones (blanco y negro y color) ; |
| Dimensiones | 30 centímetros. |
| 336 ## - TIPO DE CONTENIDO | |
| Término de tipo de contenido | text |
| Fuente | rdacontent |
| 337 ## - TIPO DE MEDIO | |
| Nombre/término del tipo de medio | unmediated |
| Fuente | rdamedia |
| 338 ## - TIPO DE SOPORTE | |
| Nombre/término del tipo de soporte | volume |
| Fuente | rdacarrier |
| 504 ## - NOTA DE BIBLIOGRAFÍA, ETC. | |
| Nota de bibliografía, etc. | Bibliografía: páginas 235-239 |
| 505 ## - NOTA DE CONTENIDO CON FORMATO | |
| Nota de contenido con formato | Los dibujos más bellos de Leonardo -- La belleza según Leonardo -- De la belleza a la utilidad y viceversa -- Del dibujo a la pintura -- Manos -- San Juan Bautista -- Dibujos grotescos -- Santa Ana -- La última cena -- Leda y el cisne -- Trajes de fiesta y teatro -- Isabel de este -- La adoración de los magos -- Drapeado -- Caballo y estudios para estatuas ecuestres -- La batalla de anghiari -- Figuras hercúleas y estudios anatómicos -- Paisajes -- Flores y plantas -- Las dos vírgenes -- Mona lisa -- Diluvios Vida de Leonardo. |
| 526 ## - NOTA DE INFORMACIÓN SOBRE EL PROGRAMA DE ESTUDIO | |
| Nombre del programa | Maestría Bim Facility Management (A distancia) |
| 526 ## - NOTA DE INFORMACIÓN SOBRE EL PROGRAMA DE ESTUDIO | |
| Nombre del programa | |
| 526 ## - NOTA DE INFORMACIÓN SOBRE EL PROGRAMA DE ESTUDIO | |
| Nombre del programa | Educación musical y artes |
| 526 ## - NOTA DE INFORMACIÓN SOBRE EL PROGRAMA DE ESTUDIO | |
| Nombre del programa | Educación, especialidad educación física |
| 526 ## - NOTA DE INFORMACIÓN SOBRE EL PROGRAMA DE ESTUDIO | |
| Nombre del programa | Arquitectura |
| 600 #0 - PUNTO DE ACCESO ADICIONAL DE MATERIA--NOMBRE DE PERSONA | |
| Nombre de persona | Leonardo da Vinci, |
| Fechas asociadas al nombre | 1452-1519 |
| Fuente del encabezamiento o término | embne |
| 9 (RLIN) | 4889 |
| 655 #0 - TERMINO DE INDIZACIÓN--GENERO/FORMA | |
| Datos o término principal de género/forma | Libros ilustrados |
| 9 (RLIN) | 4890 |
| 700 ## - ENTRADA AGREGADA--NOMBRE PERSONAL | |
| Nombre de persona | Taglialagamba, Sara, |
| Término indicativo de función/relación | autor. |
| 9 (RLIN) | 4891 |
| 942 ## - ELEMENTOS DE ENTRADA SECUNDARIOS (KOHA) | |
| Fuente del sistema de clasificación o colocación | Clasificación Decimal Dewey |
| Tipo de ítem Koha | Libros físicos |
| 980 ## - EQUIVALENCIA O REFERENCIA-CRUZADA-MENCIÓN DE SERIE--NOMBRE DE PERSONA/TÍTULO [LOCAL, CANADÁ] | |
| ID del usuario creador del registro | 18226 |
| Nombre del creador del registro | Jaime Vilcazán Jefe de Análisis Documental |
| ID del último usuario que modificó el registro | 1 |
| Nombre del último usuario que modificó el registro | ALBERTO SANCHEZ Responsable de Automatización |
| Visto por última vez | Total de préstamos | Signatura topográfica completa | Código de barras | Copia número | Coste, precio de reemplazo | Fecha de reemplazo | Facultad | Tipo de ítem Koha | Estado de pérdida | Fuente del sistema de clasificación o colocación | Restricciones de uso | No para préstamo | Colección | Programa académico | Biblioteca de origen | Biblioteca actual | Ubicación en estantería | Fecha de adquisición | Fuente de adquisición | Coste, precio normal de compra |
|---|---|---|---|---|---|---|---|---|---|---|---|---|---|---|---|---|---|---|---|---|
| 2025-12-03 | 743 P371l | 82491 | e1 | 36.67 | 2024-12-31 | FIA | Libros físicos | No Perdido | Clasificación Decimal Dewey | No restringido | Disponible para préstamos | Colección General | Arquitectura | Biblioteca CRAI UPeU Lima | Biblioteca CRAI UPeU Lima | Sala principal | 2024-09-16 | Compra, San Cristóbal | 31.67 |